Responses for Show #8662 - Tuesday, June 14, 2022

Eric Ahasic game 7.
Megan Wachspress game 1.

Contestants

[<< previous game]

Megan Wachspress, an attorney from Berkeley, California

Barry Margulies, a professor emeritus at Towson University from Lutherville, Maryland

Eric Ahasic, a meteorologist from Minneapolis, Minnesota (whose 6-day cash winnings total $160,601)

[next game >>]

Jeopardy! Round responses

THE EARLY 1800s
THE MORAL OF THE FABLE
CLEVER CROSSWORD CLUES
SUN UP
WELL, IT'S 5 FOR THE MONEY
3 FOR THE SHOW
    $200 4
(Barry: What is a train?)

bicycle

EricBarry
    $200 6
birds of a feather flock together

Triple Stumper
    $200 11
a watch

Megan
    $200 23
(Mayim: [As [*]] Uh-huh.)
[Laughter]

Elvis Presley

Eric
    $200 15
the pound

Megan
    $200 8
Yellowstone

Triple Stumper
    $400 5
slaves

Megan
    $400 7
count your chickens before they're hatched

Barry
    $400 9
a genie

Barry
    $400 25
(Mayim: We have less than a minute.)

sun salutations

Megan
    $400 17
the $100 bill

Barry
    $400 14
(Eric: What is CHiPs?)

S.W.A.T.

Eric
Triple Stumper
    $600 1
(Megan: What is Humane Society?)
(Barry: What is a Society for the Protection of Animals?)
...
(Mayim: Eric, you want to give it a shot?)
(Eric: I got like three of the letters.)

Society for the Prevention of Cruelty to Animals

BarryMegan
Triple Stumper
    $600 16
pride

Barry
    $600 10
(Megan: What is a siesta?)

lunch

Megan
Triple Stumper
    $600 26
the Baltimore Sun

Megan
    $600 18
the ruble

Eric
    $600 24
Boba Fett

Triple Stumper
    $800 2
Kamehameha (the Great)

Eric
    $800 21
the wolf in sheep's clothing

Eric
    $800 12
Idaho

Barry
    $800 27
the Colossus of Rhodes

Eric
    $800 19
yen

Barry
    $800 29
(Megan: Who are The Real Housewives?)
(Mayim: More specific?)
(Megan: Of... Orange County?)

The Real Housewives of Beverly Hills

Megan
Triple Stumper
    $1000 3
Empire

Megan
    $1000 22
look before you leap

Megan
    $1000 13
Eden

Barry
    $1000 28
Phoenix

Eric
    $1,000 20
the Cherokee

Barry
    $1000 30
Peacemaker

Eric

Scores at the first commercial break (after clue 15):

Eric Barry Megan
$600 $1,800 $600

Scores at the end of the Jeopardy! Round:

Eric Barry Megan
$5,000 $4,600 $1,800

Double Jeopardy! Round responses

ISLES OF THE BRITISH ISLES
PARTNERS IN RHYME
MAMMALS
COMMUNICATIONS
SONGS OF INNOCENCE & EXPERIENCE
3 LETTERS, E IN THE MIDDLE
    $400 11
(Mayim: Yes, you ran that category.)
[Applause]

Shetland

Eric
    $400 21
(the) Harlem (Renaissance)

Megan
    $400 26
(Mayim: Yes, less than a minute.)

a blue whale

Eric
    $400 15
SOS

Barry
    $400 27
Jimi Hendrix

Megan
    $400 1
beg

Barry
    $800 7
Wales

Eric
    $800 12
(Amanda) Gorman

Eric
    $800 25
(Mayim: Yes, it makes me smile just thinking about it.)

a hippopotamus

Megan
    $800 13
a satellite

Barry
    $800 28
Death

Triple Stumper
    $800 3
a lei

Barry
    $1200 8
Marconi

Eric
    $3,000 22
The Rime of the Ancient Mariner

Megan
    $2,000 2
(Barry: What is a dolphin?)

a manatee

Barry
    $1200 16
cuneiform

Barry
    $1200 14
Lana Del Rey

Megan
    $1200 4
Def

Barry
    $1600 9
the Isle of Man

Eric
    $1600 23
"The Love Song of J. Alfred Prufrock"

Eric
    $1600 17
meerkats

Eric
    $1600 18
(Megan: What is XM?)

short wave

EricMegan
    $1600 29
Billy Joel

Eric
    $1600 5
hew

Barry
    $2000 10
Cornwall

Eric
    $2000 24
Ted Hughes

Triple Stumper
    $2000 20
a grey wolf

Megan
    $2000 19
semaphore

Megan
    $2000 30
Pearl Jam

Triple Stumper
    $2000 6
(Mayim: Our lighting department knows that's [*].)

a gel

Triple Stumper

Scores at the end of the Double Jeopardy! Round:

Eric Barry Megan
$18,600 $9,000 $10,000

[wagering suggestions for these scores]

Final Jeopardy! Round responses

1972
(Mayim: [To Megan] From the famous "smoking gun" conversation.)
BarryWho is Haldeman Haldeman?
$8,000
MeganWho is v Nixon Richard?
$7,201
EricWho is John Dean?
$1,401
Richard Nixon

Final scores:

Eric Barry Megan
$17,199 $1,000 $17,201
2nd place: $2,000 3rd place: $1,000 New champion: $17,201

Game dynamics:

Coryat scores:

Eric Barry Megan
$18,600 $11,000 $8,200
19 R,
1 W
15 R
(including 1 DD),
3 W
(including 1 DD)
14 R
(including 1 DD),
4 W

Combined Coryat: $37,800

[game clues] [game scores] [suggest correction]

Game tape date: 2022-04-20
The J! Archive is created by fans, for fans. Scraping, republication, monetization, and malicious use prohibited; this site may use cookies and collect identifying information. See terms. The Jeopardy! game show and all elements thereof, including but not limited to copyright and trademark thereto, are the property of Jeopardy Productions, Inc. and are protected under law. This website is not affiliated with, sponsored by, or operated by Jeopardy Productions, Inc. Join the discussion at JBoard.tv.